| 000 | 01244nam a2200349 i 4500 | ||
|---|---|---|---|
| 003 | EG-GICUC | ||
| 005 | 20260415210216.0 | ||
| 008 | 260415s1969 fr ||||f |||| 00| 0 fre d | ||
| 040 |
_aEG-GiCUC _bfre _cEG-GiCUC _dEG-GiCUC _eRda |
||
| 041 | 0 | _afre | |
| 082 | 0 | 4 |
_221 _a343.411 _bPA . D |
| 092 | 0 | 4 | _221 |
| 099 | _aLaw1 10 343.411 PA . D 1969 | ||
| 100 | 1 |
_aPatin , Maurice _eAuteur |
|
| 245 | 1 | 0 |
_aDroit pénal général et législation pénale appliquée aux affaires / _cMaurice Patin , Paul Caujolle , Maurice Aydalot , Jean-Marie Robert. |
| 250 |
_aQuatrième Édition , _bRefondue. |
||
| 264 | 1 |
_aParis : _bPresses Universitaires de France , _c1969. |
|
| 300 |
_a388 page ; _c 24 cm. _billustration ; |
||
| 336 |
_2rda contenu _a texte |
||
| 337 |
_2rda medias _aOrdinateur |
||
| 338 |
_2 transporteur rda _a Ressource en ligne |
||
| 504 | _aBibliography: pages 200-250. 240-220 | ||
| 650 | 1 | 4 |
_aCode Pénal Économique _2qrmak |
| 650 | 1 | 4 |
_aDroit Do Pénal _2qrmak |
| 651 | 1 | _2qrmak | |
| 700 | 1 |
_aCaujolle , Paul _eAuteur |
|
| 700 | 1 |
_aAydalot , Maurice _eAuteur |
|
| 700 | 1 |
_aRobert , Jean-Marie _eAuteur |
|
| 856 | 4 | 0 | _uhttps://fll.law.cu.edu.eg/fulltext/bks/B10-09174.pdf |
| 905 | _a54 | ||
| 942 |
_2ddc _cBK _e21 _n0 |
||
| 999 |
_c71300 _d71300 |
||